000
00258nam a2200097Ia 4500
082
_a
EF ECO
245
0
_a
Baudolino
100
_a
ECO, Umberto New York, 2003 1st Harvest ed
_9
96565
942
_c
BK
008
210817s9999 xx 000 0 und d
999
_c
406199
_d
406198